<?xml version="1.0" encoding="UTF-8"?><?xml-stylesheet type="text/xsl" href="static/style.xsl"?><OAI-PMH xmlns="http://www.openarchives.org/OAI/2.0/" xmlns:xsi="http://www.w3.org/2001/XMLSchema-instance" xsi:schemaLocation="http://www.openarchives.org/OAI/2.0/ http://www.openarchives.org/OAI/2.0/OAI-PMH.xsd"><responseDate>2026-06-01T12:32:15Z</responseDate><request verb="GetRecord" identifier="oai:riuma.uma.es:10630/35424" metadataPrefix="marc">https://riuma.uma.es/rest/oai/request</request><GetRecord><record><header><identifier>oai:riuma.uma.es:10630/35424</identifier><datestamp>2026-02-03T11:03:34Z</datestamp><setSpec>com_10630_2254</setSpec><setSpec>col_10630_37953</setSpec></header><metadata><record xmlns="http://www.loc.gov/MARC21/slim" xmlns:dcterms="http://purl.org/dc/terms/" xmlns:doc="http://www.lyncode.com/xoai" xmlns:xsi="http://www.w3.org/2001/XMLSchema-instance" xsi:schemaLocation="http://www.loc.gov/MARC21/slim http://www.loc.gov/standards/marcxml/schema/MARC21slim.xsd">
   <leader>00925njm 22002777a 4500</leader>
   <datafield ind2=" " ind1=" " tag="042">
      <subfield code="a">dc</subfield>
   </datafield>
   <datafield ind2=" " ind1=" " tag="720">
      <subfield code="a">Gómez-de-Travesedo-Rojas, Ruth</subfield>
      <subfield code="e">author</subfield>
   </datafield>
   <datafield ind2=" " ind1=" " tag="720">
      <subfield code="a">Gil-Ramírez, Marta</subfield>
      <subfield code="e">author</subfield>
   </datafield>
   <datafield ind2=" " ind1=" " tag="720">
      <subfield code="a">Chamizo-Sánchez, Rocío</subfield>
      <subfield code="e">author</subfield>
   </datafield>
   <datafield ind2=" " ind1=" " tag="260">
      <subfield code="c">2023</subfield>
   </datafield>
   <datafield ind2=" " ind1=" " tag="520">
      <subfield code="a">Los  partidos  políticos,  conscientes  de  la  importancia  que  los  públicos  más  jóvenes  tienen  como  potenciales  votantes,  han  dirigido  sus  estrategias  comunicativas  a  TikTok,  una  de  las  redes  sociales  más  atractivas  para  los  menores de entre 12 y 17 años. Mediante análisis de contenido de los 50 vídeos cortos con más reproducciones de cada una de las cuentas oficiales de TikTok de Podemos y VOX (@ahorapodemos y @vox_espana), esta investigación propone examinar el uso que ambos partidos hacen de dicha red, analizando si adaptan su estrategia comunicativa a las particularidades de esta plataforma y comparando si existen diferencias en el tipo de contenidos que se difunde en ella en función del distinto signo ideológico de cada formación. Los resultados reflejan que, aunque las formaciones políticas analizadas emplean algunos estilemas propios de TikTok, como la duración corta o la biblioteca de sonidos, el carácter propagandístico preponderante en los contenidos choca con el tono desenfadado y lúdico que caracteriza a la popular plataforma de vídeos cortos y que le ha otorgado popularidad entre el público  juvenil.  Aunque  se  detectan  diferencias  estratégicas  en  función  de  la  polaridad  ideológica,  en  general,  la  comunicación política desarrollada por Podemos y VOX en esta red social, estarían aún en una fase embrionaria a espera de desarrollar su potencial a través de contenidos más ligeros que conecten con mayor facilidad con los jóvenes usuarios mayoritarios en TikTok.</subfield>
   </datafield>
   <datafield ind1="8" ind2=" " tag="024">
      <subfield code="a">Gómez de Travesedo-Rojas, R., Gil-Ramírez, M., &amp; Chamizo-Sánchez, R. (2023). Comunicación política en TikTok: Podemos y VOX a través de los vídeos cortos. Ámbitos. Revista Internacional De Comunicación, (60), 71–93. https://doi.org/10.12795/Ambitos.2023.i60.04</subfield>
   </datafield>
   <datafield ind1="8" ind2=" " tag="024">
      <subfield code="a">https://hdl.handle.net/10630/35424</subfield>
   </datafield>
   <datafield ind1="8" ind2=" " tag="024">
      <subfield code="a">10.12795/Ambitos.2023.i60.04</subfield>
   </datafield>
   <datafield tag="653" ind2=" " ind1=" ">
      <subfield code="a">Partidos políticos - En los medios de comunicación social</subfield>
   </datafield>
   <datafield tag="653" ind2=" " ind1=" ">
      <subfield code="a">Partidos políticos - Redes sociales</subfield>
   </datafield>
   <datafield ind2="0" ind1="0" tag="245">
      <subfield code="a">Comunicación política en TikTok: Podemos y VOX a través de los vídeos cortos.</subfield>
   </datafield>
</record>
</metadata></record></GetRecord></OAI-PMH>